000 00267nam a2200109Ia 4500
008 190913s9999||||xx |||||||||||||| ||und||
100 _a Leidner, Baker
245 0 _aStrategic Information Management
260 _aUK
_bPrentice Hall
_c2000
300 _a544
942 _cBK
999 _c8277
_d8277